| 000 | 00477nam a2200169Ia 4500 | ||
|---|---|---|---|
| 003 | GCL | ||
| 008 | 140319s9999 xx 000 0 ara d | ||
| 040 |
_aGCL / _cGCL |
||
| 082 | 0 | 4 |
_a811.9 _bش م |
| 100 | 1 | _aشريفة السيد | |
| 245 | 1 | 0 |
_aالممرات لا تحتوى عابريها / _cشريفة السيد |
| 300 | _a150 ص | ||
| 490 | _a | ||
| 650 | 0 | 4 | _aالادب العربى |
| 650 | 0 | 4 | _aالشعر العربى - العصر الحديث |
| 942 |
_2ddc _cBK |
||
| 999 |
_c44845 _d44845 |
||